00580nam a2200193Ia 4500003000900000008004100009020001700050040001600067080001500083100002600098245009800124260004600222650001700268650001400285650002700299650001400326650002700340700001900367IN-BaIIA211028s9999 xx 000 0 eng d a0-52141617-5 cIIA Library a92:52bSHA aSharov, Alexander S . 0aEdwin Hubble: the discoverer of the big bang universecAlexander S Sharov and D. Novikov Igor aU.K.CambridgebCambridge University Press a20th Century aAstronomy aBiography-Edwin Hubble aCosmology aEdwin Hubble Biography aIgor,D.Novikov